Soil mechanics and foundations / (Record no. 2605)

000 -LEADER
fixed length control field 00605nam a22002177a 4500
001 - CONTROL NUMBER
control field 2605
003 - CONTROL NUMBER IDENTIFIER
control field BD-DhUET
008 - FIXED-LENGTH DATA ELEMENTS--GENERAL INFORMATION
fixed length control field 140927b xxu||||| |||| 00| 0 eng d
040 ## - CATALOGING SOURCE
Transcribing agency 0
Modifying agency BD-DHUET
082 ## - DEWEY DECIMAL CLASSIFICATION NUMBER
Classification number 624.151
Item number PUN/1994
110 ## - MAIN ENTRY--CORPORATE NAME
Corporate name or jurisdiction name as entry element Punmia, B. C.
245 ## - TITLE STATEMENT
Title Soil mechanics and foundations /
Statement of responsibility, etc. by B. C. Punmia, Ashok Kumar Jain, Arun Kumar Jain
250 ## - EDITION STATEMENT
Edition statement 1st ed.
260 ## - PUBLICATION, DISTRIBUTION, ETC. (IMPRINT)
Place of publication, distribution, etc. New Delhi :
Name of publisher, distributor, etc. Laxmi Publications,
Date of publication, distribution, etc. 1994
300 ## - PHYSICAL DESCRIPTION
Extent xxiii,970p.
504 ## - BIBLIOGRAPHY, ETC. NOTE
Bibliography, etc Includes bibliographies
650 #0 - SUBJECT ADDED ENTRY--TOPICAL TERM
Topical term or geographic name as entry element Soil mechanics
700 ## - ADDED ENTRY--PERSONAL NAME
Personal name Jain, Ashok Kumar
700 ## - ADDED ENTRY--PERSONAL NAME
Personal name Jain, Arun Kumar
942 ## - ADDED ENTRY ELEMENTS (KOHA)
Koha item type General Book
Holdings
Koha normalized classification for sorting Date acquired Sublocation or collection (holding branch) Price effective from Lost status Withdrawn status Location (home branch) Piece designation (barcode) Not for loan Copy number Shelving location Koha date last seen Koha item type Koha full call number Damaged status Source of classification or shelving scheme
624_000000000000000_151PUN19942014-09-27Central Library, BUET2014-09-27  Central Library, BUET101892 1Circulation section2014-09-27General Book624.151/PUN/1994  
624_000000000000000_151PUN19942014-09-27Central Library, BUET2014-09-27  Central Library, BUET101893 2Circulation section2016-01-13General Book624.151/PUN/1994